Encyclopedia on cathode-ray oscilloscopes and their uses (Record no. 991)

MARC details
000 -LEADER
fixed length control field 00576nam a2200181Ia 4500
003 - CONTROL NUMBER IDENTIFIER
control field IN-BaIIA
008 - FIXED-LENGTH DATA ELEMENTS--GENERAL INFORMATION
fixed length control field 211028s9999 xx 000 0 eng d
040 ## - CATALOGING SOURCE
Transcribing agency IIA Library
080 ## - UNIVERSAL DECIMAL CLASSIFICATION NUMBER
Universal Decimal Classification number 621.317.775(031)
Item number RID
100 ## - MAIN ENTRY--PERSONAL NAME
Personal name Rider, John F
9 (RLIN) 2138
245 #0 - TITLE STATEMENT
Title Encyclopedia on cathode-ray oscilloscopes and their uses
Statement of responsibility, etc. John F Rider and Seymour D Ulsan
260 ## - PUBLICATION, DISTRIBUTION, ETC.
Place of publication, distribution, etc. London
Name of publisher, distributor, etc. Chapman and Hall
Date of publication, distribution, etc. 1950
300 ## - PHYSICAL DESCRIPTION
Extent vii, 982p.
650 ## - SUBJECT ADDED ENTRY--TOPICAL TERM
Topical term or geographic name entry element Cathode Ray Oscilloscopes
9 (RLIN) 2139
650 ## - SUBJECT ADDED ENTRY--TOPICAL TERM
Topical term or geographic name entry element Encyclopedia-Cathode Ray Oscilloscopes
9 (RLIN) 2140
700 ## - ADDED ENTRY--PERSONAL NAME
Personal name Ulsan, Seymour D.
9 (RLIN) 2141
942 ## - ADDED ENTRY ELEMENTS (KOHA)
Koha item type Books
Holdings
Withdrawn status Lost status Damaged status Not for loan Home library Current library Shelving location Date acquired Total Checkouts Full call number Barcode Date last seen Price effective from Koha item type
        IIA Library-Bangalore IIA Library-Kavalur General Stacks     621.317.775(031)/ RID 1033 05/11/2021   Books

Powered by Koha